Tools for institutional, political, and social analysis of policy reform <a> sourcebook for development practitioners
Salvato in:
| Natura: | Libro |
|---|---|
| Lingua: | inglese |
| Pubblicazione: |
Washington, D.C.
<The> World Bank
2007
|
| Soggetti: | |
| Tags: |
Nessun Tag, puoi essere il primo ad aggiungerne!!
|
MARC
| LEADER | 00000nam$a2200000$$$4500 | ||
|---|---|---|---|
| 001 | 0059436 | ||
| 005 | 20240315115738.8 | ||
| 020 | |a 978-0-8213-6890-9 | ||
| 020 | |a 0-8213-6890-7 | ||
| 041 | 0 | |a eng | |
| 044 | |a US | ||
| 245 | 1 | 0 | |a Tools for institutional, political, and social analysis of policy reform |b <a> sourcebook for development practitioners |
| 264 | 1 | |a Washington, D.C. |b <The> World Bank |c 2007 | |
| 300 | |a 267 s. |e 1 CD-ROM | ||
| 610 | 2 | 0 | |a krajiny rozvojové |
| 610 | 2 | 0 | |a krajiny tranzitívne |
| 610 | 2 | 0 | |a politika |
| 610 | 2 | 0 | |a reformy |
| 610 | 2 | 0 | |a politika hospodárska |
| 610 | 2 | 0 | |a redukcia chudoby |
| 610 | 2 | 0 | |a analýzy |
| 610 | 2 | 0 | |a analýza sociálna |
| 610 | 2 | 0 | |a sektory hospodárske |
| 610 | 2 | 0 | |a štúdie prípadové |
| 610 | 2 | 0 | |a riziko |
| 610 | 2 | 0 | |a nástroje ekonomické |